书目信息 |
| 题名: |
阿米巴经营
|
|
| 作者: | 冷湖 著 | |
| 分册: | ||
| 出版信息: | 北京 台海出版社 2019.05 |
|
| 页数: | 240页 | |
| 开本: | 21cm | |
| 丛书名: | ||
| 单 册: | ||
| 中图分类: | F279.31 | |
| 科图分类: | ||
| 主题词: | ||
| 电子资源: | ||
| ISBN: | 978-7-5168-2248-7 | |
| 000 | 01150nam0 2200277 450 | |
| 001 | 2339135891 | |
| 005 | 20231124105228.98 | |
| 010 | @a978-7-5168-2248-7@dCNY35.80 | |
| 100 | @a20190425d2019 em y0chiy50 ea | |
| 101 | 0 | @achi |
| 102 | @aCN@b110000 | |
| 105 | @ay z 000yy | |
| 106 | @ar | |
| 200 | 1 | @a阿米巴经营@Aa mi ba jing ying@e稻盛和夫的核心管理法@f冷湖著 |
| 210 | @a北京@c台海出版社@d2019.05 | |
| 215 | @a240页@d21cm | |
| 312 | @a英文题名取自封面 | |
| 314 | @a冷湖, 本名张亮, 财经管理作家。已出版《马化腾:先人一步》等。 | |
| 330 | @a本书道出了阿米巴的真谛, 通过全方位、多角度、“案例+解读”的模式, 让每一个企业经营者都能从这一经营模式中参透如何才能真正使企业长盛不衰! 本书是一本系统讲解阿米巴经营模式的书, 透彻分析讲解了阿米巴在中国的应用“乱象”, 以及如何正确推行阿米巴, 比较适合一些企业经营管理者用心去品读。 | |
| 510 | 1 | @aAmoeba management@zeng |
| 517 | 1 | @a稻盛和夫的核心管理法@Adao sheng he fu de he xin guan li fa |
| 600 | 1 | @a稻盛和夫@Adao sheng he fu@g(Kazuo, Inamori,@f1932-@x企业管理@x经验 |
| 690 | @aF279.31@v5 | |
| 701 | 0 | @a冷湖@Aleng hu@4著 |
| 801 | @aCN@b山东中教@c20231121 | |
| 905 | @aBZT@dF279.31@e1 | |
| 阿米巴经营:稻盛和夫的核心管理法/冷湖著.-北京:台海出版社,2019.05 |
| 240页;21cm |
| ISBN 978-7-5168-2248-7:CNY35.80 |
| 本书道出了阿米巴的真谛, 通过全方位、多角度、“案例+解读”的模式, 让每一个企业经营者都能从这一经营模式中参透如何才能真正使企业长盛不衰! 本书是一本系统讲解阿米巴经营模式的书, 透彻分析讲解了阿米巴在中国的应用“乱象”, 以及如何正确推行阿米巴, 比较适合一些企业经营管理者用心去品读。 |
| ● |
| 相关链接 |
|
|
|
正题名:阿米巴经营
索取号:F279.31/1
 
预约/预借
| 序号 | 登录号 | 条形码 | 馆藏地/架位号 | 状态 | 备注 |
| 1 | 2001043229 | 2001043229 | 中教第一批/山东中教(第一批)/640/ [索取号:F279.31/1] | 在馆 | |
| 2 | 2001043230 | 2001043230 | 中教第一批/山东中教(第一批)/640/ [索取号:F279.31/1] | 在馆 | |
| 3 | 2001043231 | 2001043231 | 中教第一批/山东中教(第一批)/640/ [索取号:F279.31/1] | 在馆 | |
| 4 | 2001043232 | 2001043232 | 中教第一批/山东中教(第一批)/640/ [索取号:F279.31/1] | 在馆 | |
| 5 | 2001043233 | 2001043233 | 中教第一批/山东中教(第一批)/640/ [索取号:F279.31/1] | 在馆 | |
| 6 | 2001043234 | 2001043234 | 中教第一批/山东中教(第一批)/640/ [索取号:F279.31/1] | 在馆 |